000 01248nam a2200385 i 4500
001 26690
003 KOSZ 005
005 20200404141132.0
008 050721s1973 pl a f f |000 0 pol
015 _aPB 1974/549
035 _a(OCoLC)749765531
040 _aWA N
_cKOSZ 005/HR
_dKOSZ 005/HR
046 _k1966
080 _a621.9
080 _a(083.1)
100 1 _aGórski, Eugeniusz
_d(1924-2017)
_eAutor
245 1 0 _aPoradnik narzędziowca /
_cEugeniusz Górski.
250 _aWyd. 3 zm. i uzup.
260 _aWarszawa :
_bWydawnictwa Naukowo-Techniczne,
_c1973
_f(Bielskie Zakł. Graf.).
300 _a1149, [2] s., 4 s. tabl. :
_bil. ;
_c19 cm.
336 _2rdacontent
_aTekst
_btxt
337 _2rdamedia
_aBez urządzenia pośredniczącego
_bn
338 _2rdacarrier
_aWolumin
_bnc
380 _aKsiążki
380 _aPublikacje fachowe
388 _a1901-2000
504 _aBibliogr.
650 4 _aSkrawanie
650 4 _aNarzędzia
655 4 _aPoradnik
658 _aInżynieria i technika
710 2 _aWydawnictwa Naukowo-Techniczne
_4pbl.
856 _uhttp://koha.tu.koszalin.pl/cgi-bin/koha/opac-detail.pl?biblionumber=26690
_yKatalog online BPK
942 _2UKD
_cKS
999 _c26690
_d26690